Loading...
| Science - Astronomy | 0 | 3 | 0 | 0 | 30 | 69 | 94.67 | 0 | 0 |
| History - Other | 0 | 3 | 1 | 1 | 25 | 114 | 126.33 | 0 | 0 |
| History - American | 0 | 2 | 0 | 1 | 20 | 104 | 114.00 | 0 | 0 |
| Art - Other | 0 | 2 | 0 | 0 | 20 | 136 | 139.50 | 0 | 0 |
| Science - Physics | 0 | 2 | 1 | 1 | 15 | 47 | 90.50 | 1 | 1 |
| Social Science - Sociology | 0 | 1 | 0 | 0 | 10 | 123 | 123.00 | 0 | 1 |
| Current Events/Modern World - Mixed/Any | 0 | 1 | 0 | 0 | 10 | 92 | 92.00 | 0 | 1 |
| Current Events/Modern World - Rest of world political | 0 | 1 | 0 | 0 | 10 | 130 | 130.00 | 0 | 0 |
| Mythology - Greco/Roman | 0 | 1 | 0 | 1 | 10 | 124 | 124.00 | 0 | 0 |
| Mythology - Mixed/Any | 0 | 1 | 0 | 1 | 10 | 143 | 143.00 | 0 | 0 |
| Other Academic/Cross-Category - Any | 0 | 1 | 0 | 0 | 10 | 99 | 99.00 | 0 | 0 |
| Religion - Hinduism | 0 | 1 | 0 | 0 | 10 | 128 | 128.00 | 0 | 0 |
| Science - Other | 0 | 1 | 0 | 0 | 10 | 119 | 119.00 | 0 | 0 |
| Social Science - Law | 0 | 1 | 0 | 0 | 10 | 100 | 100.00 | 0 | 1 |
| Social Science - Mixed/Any | 0 | 1 | 0 | 0 | 10 | 115 | 115.00 | 0 | 0 |
| Philosophy - Medieval | 0 | 0 | 0 | 0 | 0 | 0.00 | 0 | 0 | |
| Science - Biology | 0 | 1 | 2 | 0 | 0 | 98 | 98.00 | 0 | 0 |
| Literature - American poetry | 0 | 0 | 0 | 0 | 0 | 0.00 | 0 | 0 | |
| Science - Chemistry | 0 | 1 | 2 | 0 | 0 | 127 | 127.00 | 0 | 0 |
| Philosophy - 20th century | 0 | 0 | 0 | 0 | 0 | 0.00 | 0 | 0 | |
| Geography - Non-U.S. Americas | 0 | 0 | 1 | 0 | -5 | 0.00 | 0 | 0 | |
| History - World | 0 | 0 | 1 | 0 | -5 | 0.00 | 0 | 0 | |
| Art - Music/Opera | 0 | 0 | 1 | 0 | -5 | 0.00 | 0 | 0 | |
| Literature - European poetry | 0 | 0 | 1 | 0 | -5 | 0.00 | 0 | 0 | |
| Science - Earth | 0 | 0 | 2 | 0 | -10 | 0.00 | 0 | 0 |